00678cam a2200277 4500001000700000003000900007005001700016007000700033008003300040015000600073017000900079020001400088035000600102040002500108080000600133082002900139100004400168245006200212250000600274260003800280300002000318490000600338650002300344650002600367830000700393a44132DO-SdBNP20221109075154.0a44132090121s1974 sp |||| 000 f spa  a  a b  a840141064 a  aBPMSUbspacBPMSUe  a  aC0863.44bG216h 19742221 aGarcía Márquez, Gabriel,d1927-201410a La hojarasca :bnovela /c Gabriel García Márquezh  a  aBarcelona : bPlaza Janes, c1974 a140 p. ;c21 cm a  4aNovela colombiana  4aLiteratura colombiana a